000 00341 a2200133 4500
082 _a332.64
090 _c3172
_d3172
100 _aWadud,Q.A.
245 _aLaw of the Commission Securities and Exchange
_cQ.A.Wadud
260 _aKarachi
_bRoyal book company
_c1998
300 _a384p
500 _aHard cover
942 _aNBS
_cBK
_k332.64 WAD
999 _c345660
_d345660